| 000 | 00561nam a2200205Ia 4500 | ||
|---|---|---|---|
| 003 | IIN | ||
| 005 | 20240124155518.0 | ||
| 008 | 231217s9999 xx 000 0 und d | ||
| 020 |
_cRs.695.00 _a9789386006875 |
||
| 040 |
_aIIN _bEnglish |
||
| 082 |
_a610.73 _bANB |
||
| 100 | 1 | _aAnbu, T. | |
| 245 | 1 |
_aNursing Exam Booster First Year B.Sc. Nursing _cT.Anbu and G. Loganathan |
|
| 260 |
_bEMMESS _aBangalore _c2019 |
||
| 300 | _aiv, 550 p. | ||
| 650 | 1 |
_aQuestion Solved _vNursing |
|
| 650 | 1 |
_aExam Booster _vNursing |
|
| 700 | 1 | _aLoganathan, G | |
| 942 | _cBOOK | ||
| 999 |
_c600 _d600 |
||